تخطي إلى المحتوى
حسابك
تسجيل الخروج
تسجيل الدخول
اللغة
English
Deutsch
Español
Français
Italiano
日本語
Nederlands
Português
Português (Brasil)
中文(简体)
中文(繁體)
Türkçe
עברית
Gaeilge
Cymraeg
Ελληνικά
Català
Euskara
Русский
Čeština
Suomi
Svenska
polski
Dansk
slovenščina
اللغة العربية
বাংলা
Galego
Tiếng Việt
Hrvatski
हिंदी
كل الحقول
العنوان
المؤلف
الموضوع
رقم الطلب
ردمك/تدمد
الوسم
ابحث
بحث متقدم
Hiroshima; Attention please! :
عرض للأخصائي
استشهد بهذا
أرسل هذا بالبريد الإلكتروني
طباعة
تصدير التسجيلة
تصدير إلى RefWorks
تصدير إلى EndNoteWeb
تصدير إلى EndNote
تصدير إلى MARC
تصدير إلى MARCXML
تصدير إلى RDF
تصدير إلى BibTeX
تصدير إلى RIS
أضف إلى المفضلة
Hiroshima; Attention please! : Reference guide
محفوظ في:
التفاصيل البيبلوغرافية
التنسيق:
كتاب
اللغة:
Undetermined
منشور في:
[Japan]
الموضوعات:
Japan
Guidbooks
الوسوم:
إضافة وسم
لا توجد وسوم, كن أول من يضع وسما على هذه التسجيلة!
Thư viện lưu trữ:
Trung tâm Học liệu Trường Đại học Cần Thơ
المقتنيات
الوصف
التعليقات
مواد مشابهة
عرض للأخصائي
LEADER
00402nam a2200157Ia 4500
001
CTU_114909
008
210402s9999 xx 000 0 und d
082
|a
915.2
082
|b
H668
245
0
|a
Hiroshima; Attention please! :
245
0
|b
Reference guide
260
|a
[Japan]
650
|a
Japan
650
|x
Guidbooks
904
|i
M.Loan
980
|a
Trung tâm Học liệu Trường Đại học Cần Thơ
مواد مشابهة
May i have your attention, please ? :
بواسطة: Hilicki, Chris
منشور في: (2005)
May I have your attention, please?
بواسطة: Hilicki, Chris
منشور في: (2005)
The legacy of Hiroshima :
بواسطة: Shono, Naomi
منشور في: (1986)
Hiroshima in america :
بواسطة: Lifton, Robert Jay
منشور في: (1955)
May I have your attention, please? : build a better business by telling your true story /
بواسطة: Hilicki, Chris.
منشور في: (2005)
تحميل...